Govt. of
Madhya Pradesh

5100 Objective type Chemistry (Record no. 32061)

MARC details
000 -LEADER
fixed length control field 003200000a22001450004500
003 - CONTROL NUMBER IDENTIFIER
control field MACL
040 ## - CATALOGING SOURCE
Original cataloging agency MACL
090 ## - LOCALLY ASSIGNED LC-TYPE CALL NUMBER (OCLC); LOCAL CALL NUMBER (RLIN)
-- 32391
-- 32389
100 ## - MAIN ENTRY--PERSONAL NAME
Personal name Punjabi, Ms Namrata
245 ## - TITLE STATEMENT
Title 5100 Objective type Chemistry
260 ## - PUBLICATION, DISTRIBUTION, ETC. (IMPRINT)
Name of publisher, distributor, etc. IIms Publications
Date of publication, distribution, etc. 2003
350 ## - PRICE (NR) (BK AM CF MU VM SE) [OBSOLETE]
Price 250
650 ## - SUBJECT ADDED ENTRY--TOPICAL TERM
Topical term or geographic name as entry element Chemistry
942 ## - ADDED ENTRY ELEMENTS (KOHA)
Koha item type Library Membar
Call number prefix 540/pun
Holdings
Withdrawn status Lost status Damaged status Not for loan Home library Current library Date acquired Total Checkouts Total Renewals Full call number Barcode Date last seen Date last checked out Uniform Resource Identifier Price effective from Koha item type
        MACL MACL 15/04/2015 3 2 540/pun BOOK CLC280 30/03/2016 02/02/2016 32115 15/04/2015 Books